Every Fortnite Weapon (Up to C5 S4) - Statistics

General Stats
  • This quiz has been taken 59 times
    36 since last reset
  • The average score is 143 of 313
Answer Stats
Answer % Correct
Assault Rifle
93%
Emma Frost's Striker Burst AR
93%
Havoc Pump Shotgun
87%
Heavy Impact Sniper Rifle
87%
Slone's Striker Burst Rifle
87%
Striker Pump Shotgun
87%
Burst Pulse Rifle
83%
Burst Quad Launcher
83%
Enhanced Infiltrator Pump Shotgun
83%
Hammer Pump Shotgun
83%
Infiltrator Pump Shotgun
83%
Peter Griffin's Hammer Pump Shotgun
83%
Pump Shotgun
83%
Scoped Burst SMG
83%
Tactical DMR
83%
Thorne's Scoped Burst SMG
83%
Thunder Burst SMG
83%
Burst Assault Rifle
80%
Burst SMG
80%
EvoChrome Burst Rifle
80%
Heart's Havoc Suppressed Rifle
80%
Highcard's Havoc Suppressed Rifle
80%
Ocean's Burst Assault Rifle
80%
Slone's Burst Assault Rifle
80%
Tactical Assault Rifle
80%
Tactical Pistol
80%
Tactical Shotgun
80%
Tactical Submachine Gun
80%
The Herald's Burst Rifle
80%
Thunderbolt of Zeus
80%
Boom Bolt
77%
Heavy Assault Rifle
77%
Heavy Shotgun
77%
Heavy Sniper Rifle
77%
Hop Rock Dualies
77%
Ringmaster's Boom Bolt
77%
The Machinist's Combat Assault Rifle
77%
Automatic Sniper Rifle
73%
Auto Shotgun
73%
Bottle Rockets
73%
Fire Trap
73%
Frenzy Auto Shotgun
73%
Hunter Bolt-Action Sniper
73%
Iron Man's Repulsor Gauntlets
73%
Kylo Ren's Lightsaber
73%
Maven Auto Shotgun
73%
Oscar's Frenzy Auto Shotgun
73%
Rocket Launcher
73%
Rocket Ram
73%
Shockwave Hammer
73%
The Ageless Champion's Shockwave Hammer
73%
Inkquisitor's Suppressed SMG
70%
Pistol
70%
Submachine Gun
70%
Suppressed Pistol
70%
Suppressed Sniper Rifle
70%
Suppressed Submachine Gun
70%
Air Strike
67%
Bolt-Action Sniper Rifle
67%
Deadpool's Dual Hand Cannons
67%
Iron Man's Unibeam
67%
Kit's Shockwave Launcher
67%
Makeshift Revolver
67%
Mechanical Shockwave Bow
67%
Megalo Don's Combat Shotgun
67%
Rusty Can
67%
Scoped Revolver
67%
Shadow Midas' Drum Gun
67%
Stark Industries Energy Rifle
67%
Huntmaster Saber's Thermal Rifle
63%
Midas' Drum Gun
63%
Primal Stink Bow
63%
Proximity Grenade Launcher
63%
Sticky Grenade Launcher
63%
Thor's Mjolnir Strike
63%
TNTina’s Ka-Boom Bow
63%
Wookiee Bowcaster
63%
Combat Assault Rifle
60%
Combat Pistol
60%
Combat Shotgun
60%
Combat SMG
60%
Darth Vader's Lightsaber
60%
Diamond's Thermal DMR
60%
Double Barrel Shotgun
60%
Dual Fiend Hunters
60%
Grenade
60%
Grenade Launcher
60%
Luke's Blue Lightsaber
60%
Luke's Green Lightsaber
60%
Luke's Lightsaber
60%
Mace Windu's Lightsaber
60%
Mechanical Explosive Bow
60%
Primal Flame Bow
60%
Rapid Fire SMG
60%
Revolver
60%
Rey's Lightsaber
60%
Shockwave Launcher
60%
Thermal DMR
60%
Thermal Scoped Assault Rifle
60%
Zeus' Huntress DMR
60%
Boom Bow
57%
Boom Sniper Rifle
57%
Doctor Doom's Mystical Bomb
57%
Drum Gun
57%
Drum Shotgun
57%
Enhanced Drum Shotgun
57%
Heisted Explosive Assault Rifle
57%
Jedi Padawan Lightsaber
57%
Jedi Training Lightsaber
57%
Jules' Drum Gun
57%
Kit's Charge Shotgun
57%
Obi-Wan's Lightsaber
57%
Overclocked Pulse Rifle
57%
Scoped Assault Rifle
57%
Sideways Minigun
57%
Sith Apprentice Lightsaber
57%
Slone's Pulse Rifle
57%
War Machine's Arsenal
57%
War Machine's Auto Turret
57%
Brutus' Minigun
53%
Cobra DMR
53%
Damage Trap
53%
DMR
53%
Dual Micro SMGs
53%
Dual Pistols
53%
Enhanced Havoc Shotgun
53%
Explosive Goo Gun
53%
Firebending
53%
Firefly Jar
53%
Grapple Blade
53%
Hammer Assault Rifle
53%
Havoc Suppressed Assault Rifle
53%
Heisted Blink Mag SMG
53%
Huntress DMR
53%
Infinity Blade
53%
Kinetic Blade
53%
Minigun
53%
Plasma Cannon
53%
Poison Dart Trap
53%
Primal Bow
53%
Primal Pistol
53%
Primal Rifle
53%
Primal Shotgun
53%
Primal SMG
53%
Pulse Rifle
53%
Raz's Explosive Bow
53%
Spire Assassin's Primal Shotgun
53%
Twin Mag SMG
53%
Zapper Trap
53%
Cybertron Cannon
50%
Doctor Doom's Monarch Pistol
50%
Explosive Batarang
50%
Explosive Repeater Rifle
50%
Fiend Hunter Crossbow
50%
Hand Cannon
50%
Hunting Rifle
50%
Makeshift Bow
50%
Makeshift Rifle
50%
Makeshift Shotgun
50%
Makeshift Submachine Gun
50%
Megalo Don's Nitro Fists
50%
Remote Explosive
50%
Semi-Auto Sniper Rifle
50%
Storm's Whirlwind Blast
50%
Thunder Shotgun
50%
Thunder Spears
50%
Captain America's Shield
47%
Conductor Hand Cannon
47%
Doctor Doom's Arcane Gauntlets
47%
Lever Action Shotgun
47%
Machine SMG
47%
Stink Bomb
47%
Stink Flopper
47%
Storm Flip
47%
Storm Scout
47%
Storm Scout Sniper Rifle
47%
Charge Shotgun
43%
Charge SMG
43%
Lever Action Rifle
43%
Mechanical Bow
43%
Nisha's Striker AR
43%
Nitro Fists
43%
Striker AR
43%
Striker Burst Rifle
43%
Twin Mag Assault Rifle
43%
Zapotron
43%
Airbending
40%
MK-Alpha Assault Rifle
40%
MK-Seven Assault Rifle
40%
Relik's MK-Alpha Assault Rifle
40%
The Foundation's MK-Seven Assault Rifle
40%
Thorne's Vampiric Blade
40%
Black Panther’s Kinetic Armor
37%
Cerberus' Gatekeeper Shotgun
37%
Gatekeeper Shotgun
37%
Quad Launcher
37%
Ranger Assault Rifle
37%
Ranger Pistol
37%
Ranger Shotgun
37%
Chains of Hades
33%
Cluster Clinger
33%
Crossbow
33%
Cupid's Crossbow
33%
Dragon's Breath Shotgun
33%
Dragon's Breath Sniper
33%
Dynamite
33%
Earthbending
33%
Light Machine Gun
33%
Mammoth Pistol
33%
Pickaxe
33%
Shield Breaker EMP
33%
Sideways Rifle
33%
Waterbending
33%
Heisted Run N' Gun SMG
30%
Infantry Rifle
30%
Kinetic Boomerang
30%
Monarch Pistol
30%
Paper Bomb Kunai
30%
Reaper Sniper Rifle
30%
She Hulk's Fists
30%
Ballistic Shield
27%
Business Turret
27%
Cuddle Fish
27%
Gunnar's Stinger SMG
27%
Heisted Accelerant Shotgun
27%
Heisted Breacher Shotgun
27%
Kymera Ray Gun
27%
Marksman Six Shooter
27%
Mounted Turret
27%
Proximity Mine
27%
Skye's Assault Rifle
27%
Stinger SMG
27%
Wolverine's Claws
27%
Zyg and Choppy's Ray Gun
27%
Ares' Warforged Assault Rifle
23%
Enhanced Flapjack Rifle
23%
EvoChrome Shotgun
23%
Guided Missile
23%
Junk Rift
23%
Magneto Power
23%
Mysterio's Sovereign Shotgun
23%
Sovereign Shotgun
23%
The Big Chill
23%
The Dub
23%
Valeria's Hyper SMG
23%
Compact SMG
20%
Dynamite
20%
E-11 Blaster Rifle
20%
Enforcer AR
20%
Hades' Harbinger SMG
20%
Hyper SMG
20%
Meowscles' Peow Peow Rifle
20%
Montague's Nemesis AR
20%
Red-Eye Assault Rifle
20%
Shadow Tracker
20%
Ship in a Bottle
20%
Six Shooter
20%
Snowball Launcher
20%
Bottle Rockets
17%
DC-15 Blaster Rifle
17%
Egg Launcher
17%
EMP Stealth Camo
17%
Flapjack Rifle
17%
Flint-Knock Pistol
17%
Grappler Bow
17%
Howler Claws
17%
Lock On Pistol
17%
Nemesis AR
17%
Night Hawk
17%
Pumpkin Launcher
17%
Rail Gun
17%
Sideways Scythe
17%
Spire Assassin's Recycler
17%
Tri-Beam Laser Rifle
17%
Venom’s Smash & Grab
17%
Wood Stake Shotgun
17%
Anvil Rocket Launcher
13%
First Order Blaster Rifle
13%
Harbinger SMG
13%
Harpoon Gun
13%
Kamehameha
13%
Mythic Goldfish
13%
ODM Gear
13%
Prime Shotgun
13%
Two-Shot Shotgun
13%
Unstable Bow
13%
Venom Symbiote
13%
Warforged Assault Rifle
13%
Deku's Smash
10%
Hollow Purple
10%
Leonardo's Katanas
10%
Recycler
10%
Ripsaw Launcher
10%
Sharp Tooth Shotgun
10%
The Ageless Champion's Ex-Caliber Rifle
10%
Alien Knockgun Launcher
7%
Amban Sniper Rifle
7%
Carnage Symbiote
7%
Clingers
7%
Donatello's Staff
7%
Ex-Caliber Rifle
7%
Flare Gun
7%
Kingsman
7%
Ride the Lightning
7%
Suppressed Assault Rifle
7%
Tow Hook Cannon
7%
Lump of Coal
3%
Repair Torch
3%
Bender's Shiny Metal Raygun
0%
Michelangelo's Nunchaku
0%
Raphael's Sai
0%
Sidearm Pistol
0%
No matching quizzes found
Score Distribution
Percent of People with Each Score
Percentile by Number Answered
Your Score History
You have not taken this quiz since the last reset